00538nam a22001937a 450000500170000001000110001702000100002803500110003803700160004904000120006508200150007724500950009226000370018730000350022450000210025965000250028065000210030570000180032620170124110214.0 a045845 c37.00 a045845 bCen Lib/Ret aDPLbEN a915.4bREH aThe rehla of IBN Battuta :ctranslated by Mahdi HusainbIndia,Maldive islands and Ceylon / aBarodabOriental Institutec1953 alxxvii,300p. :c22cm(Hb)bill. aIncludes index  aThe Sultans of Delhi aDehli to Malabar aHusain, Mahdi